[Event "Paul Keres Rap Final"]
[Site "Tallinn EST"]
[Date "2014.01.12"]
[Round "9.5"]
[White "Kovalenko,I"]
[Black "Ehlvest,J"]
[Result "1-0"]
[WhiteElo "2634"]
[BlackElo "2579"]

1.d4 Nf6 2.c4 e6 3.Nc3 Bb4 4.Nf3 b6 5.e3 Bb7 6.Bd3 O-O 7.O-O d5 8.cxd5 exd5
9.Ne5 Bd6 10.b3 c5 11.Bb2 Nc6 12.Nxc6 Bxc6 13.Rc1 cxd4 14.Ne2 Bd7 15.Nxd4 Qe7
16.Nf3 Rac8 17.h3 Ba3 18.Rxc8 Rxc8 19.Ba1 h6 20.Ba6 Rc1 21.Qd4 Bc5 22.Qd2 Rxf1+
23.Bxf1 Be6 24.Nd4 Bd7 25.Bd3 a5 26.Qe2 Bd6 27.Nf3 Bc5 28.Bb1 Ne4 29.Nd4 Qg5
30.Nf3 Qe7 31.Qd3 Be6 32.Bb2 Ba3 33.Bd4 Bc5 34.Qa6 Qc7 35.Bxe4 dxe4 36.Qa8+ Bc8
37.Qxe4 Bb7 38.Qe8+ Kh7 39.Bxc5 bxc5 40.Ne5 Bd5 41.Nd7 Bc6 42.Nf8+ Kg8 43.Ne6+ Bxe8
44.Nxc7 Bd7 45.Kf1 Kf8 46.Nd5 Bb5+ 47.Kg1 Bd3 48.f3 g5 49.g3 Ke8 50.Kf2 Kd7
51.e4 Kd6 52.Ke3 Bf1 53.h4 gxh4 54.gxh4 f5 55.Nb6 fxe4 56.Kxe4 Kc6 57.Nc4 Kb5
58.f4 Kb4 59.f5 Be2 60.f6 Bh5 61.Ne5 Ka3 62.Nd3 Kxa2 63.Nxc5 Ka3 64.Ke5 Kb4
65.Kd6 Be8 66.Ke7 Bh5 67.Nb7  1-0

[Event "Bronstein Mem Open A 2014"]
[Site "Minsk BLR"]
[Date "2014.02.13"]
[Round "3.5"]
[White "Ehlvest,J"]
[Black "Rakhmanov,Ale"]
[Result "1/2-1/2"]
[WhiteElo "2565"]
[BlackElo "2606"]

1.d4 Nf6 2.Bg5 e6 3.Nd2 h6 4.Bh4 c5 5.e3 cxd4 6.exd4 Be7 7.Ngf3 d6 8.Bd3 Nbd7
9.c4 b6 10.O-O Bb7 11.Re1 O-O 12.a3 Re8 13.Rc1 Rc8 14.b4 Rc7 15.h3 Qa8 16.Bg3 Rcc8  1/2-1/2

[Event "Bronstein Mem Open A 2014"]
[Site "Minsk BLR"]
[Date "2014.02.14"]
[Round "4.6"]
[White "Tiviakov,S"]
[Black "Ehlvest,J"]
[Result "1-0"]
[WhiteElo "2639"]
[BlackElo "2565"]

1.e4 e5 2.Bc4 Nf6 3.d3 Nc6 4.Nf3 h6 5.O-O d6 6.Re1 Be7 7.c3 O-O 8.h3 Na5
9.Bb5 a6 10.Ba4 b5 11.Bc2 c5 12.d4 Qc7 13.d5 Nc4 14.a4 Bd7 15.b3 Na5 16.Nbd2 Nh7
17.b4 cxb4 18.cxb4 Rac8 19.Ra2 Nc4 20.Bd3 f5 21.axb5 axb5 22.exf5 Bxf5 23.Nxc4 bxc4
24.Bxf5 Rxf5 25.Be3 Qb8 26.Qb1 Rf7 27.b5 Nf6 28.b6 Bd8 29.Ra7 Rxa7 30.bxa7 Qa8
31.Qf5 Nxd5 32.Ra1 Nc7 33.Bb6 c3 34.Ne1 d5 35.Qxc8 Qxc8 36.Bxc7 Qa8 37.Bxd8 d4
38.Bc7  1-0